000 00609nam a2200229Ia 4500
005 20250108125005.0
008 008 250107s9999 xx 000 0 eng d
020 _a978-93-89598-88-9
037 _aTB
040 _aCRL
_beng
_cCRL
041 _aeng
_2eng
084 _aO152,3N55x Q8
084 _qCRL
245 0 _aApplication of yoga 2000-2009
260 _aBihar, India
_bYoga Publications
_c2917
300 _ax,175p.
365 _aINR
_b395
490 _aYoga research foundation; Vol. 4
650 _aSPIRITUALISM
942 _cTB
_hO152,3N55x Q8
999 _c1235305
_d1235305